| 000 | 01275cam a2200313 i 4500 | ||
|---|---|---|---|
| 999 |
_c2040 _d2040 |
||
| 001 | 005465732 | ||
| 003 | OSt | ||
| 005 | 20230302151239.0 | ||
| 008 | 141126s2014 nyua c 000 1 eng | ||
| 010 | _a2014002146 | ||
| 020 |
_a9781442487673 _q(hbk.) |
||
| 040 |
_aNCNU _beng _cNCNU _dNCNU _dKH8 _eAACR2 |
||
| 042 | _anbic | ||
| 082 | 0 | 0 |
_aFIC RUS _223 |
| 100 | 1 |
_aRussell, Rachel Renee. _eauthor |
|
| 245 | 1 | 0 |
_aTales from a not-so-glam TV star : _bwith Nikki Russell and Erin Russell / _cRachel Renée Russell. |
| 250 | _aFirst Aladdin hardcover edition. | ||
| 260 |
_aNew York : _bSimon & Schuster, _c2014. |
||
| 300 |
_a320 p. : _billustrations ; _c21 cm. |
||
| 490 | 0 |
_aDork diaries ; _v7. |
|
| 520 |
_a"Nikki is in the spotlight. A reality TV crew will follow her and her friends for the whole month of March as they record their hit song together. But will the excitement also cause unexpected problems, now that cameras are everywhere Nikki and her friends go?"-- _cProvided by publisher. |
||
| 521 | 1 | _aAges 9-13. | |
| 650 | 1 |
_aReality television programs _vFiction. |
|
| 650 | 1 |
_aSound recordings _xProduction and direction _vFiction. |
|
| 650 | 1 |
_aBands (Music) _vFiction. |
|
| 650 | 1 |
_aFriendship _vFiction. |
|
| 650 | 1 |
_aDiaries _vFiction. |
|
| 942 |
_2ddc _cFIC |
||